Fundamentos de pediatria / (Registro nro. 23729)

Detalles MARC
000 -LEADER
fixed length control field 01391nam a2200361 4500
001 - CONTROL NUMBER
control field 0000016776
003 - CONTROL NUMBER IDENTIFIER
control field CO-CtgCURN
005 - DATE AND TIME OF LATEST TRANSACTION
control field 20260319130130.0
007 - PHYSICAL DESCRIPTION FIXED FIELD--GENERAL INFORMATION
fixed length control field ta
008 - FIXED-LENGTH DATA ELEMENTS--GENERAL INFORMATION
fixed length control field 160627s2012 000 0 eng d
020 ## - INTERNATIONAL STANDARD BOOK NUMBER
International Standard Book Number 9789589076699
040 ## - CATALOGING SOURCE
Original cataloging agency CO-CtgCURN
Language of cataloging spa
Transcribing agency coctgcurn
082 0# - DEWEY DECIMAL CLASSIFICATION NUMBER
Classification number 618.92
Item number C824fu
100 1# - MAIN ENTRY--PERSONAL NAME
Personal name Correa V., José Alberto.
245 10 - TITLE STATEMENT
Title Fundamentos de pediatria /
Statement of responsibility, etc. José Alberto Correa V., Juan Fernando Gómez R., Ricardo Posada S.
250 ## - EDITION STATEMENT
Edition statement 4a ed.
260 ## - PUBLICATION, DISTRIBUTION, ETC.
Place of publication, distribution, etc. Medellin :
Name of publisher, distributor, etc. CIB (Corporación para Investigaciones biologicas),
Date of publication, distribution, etc. 2012.
300 ## - PHYSICAL DESCRIPTION
Extent 2 V.
336 ## - CONTENT TYPE
Source rdacontent
337 ## - MEDIA TYPE
Source rdamedia
Media type term sin mediacion
Media type code n
338 ## - CARRIER TYPE
Source rdacarrier
Carrier type term volumen
Carrier type code nc
504 ## - BIBLIOGRAPHY, ETC. NOTE
Bibliography, etc. note Referencias bibliograficas al final de cada capitulo.
505 8# - FORMATTED CONTENTS NOTE
Formatted contents note v.1: Generalidades y neonatología - v.2: Genetica, inmunología, alergología, reumatología, hematología, cardiología y oncología
590 ## - LOCAL NOTE (RLIN)
Local note Pediatría (Medicina)
650 14 - SUBJECT ADDED ENTRY--TOPICAL TERM
Topical term or geographic name entry element Pediatria.
700 1# - ADDED ENTRY--PERSONAL NAME
Personal name Gómez R, Juan Fernando.
908 ## - PUT COMMAND PARAMETER (RLIN)
Put command parameter 160627
942 ## - ADDED ENTRY ELEMENTS (KOHA)
Koha item type Libros
Classification part 618.92
Item part C824fu
Source of classification or shelving scheme Dewey Decimal Classification
Existencias
Withdrawn status Lost status Source of classification or shelving scheme Damaged status Not for loan Collection Home library Current library Shelving location Date acquired Inventory number Total checkouts Full call number Barcode Date last seen Copy number Price effective from Koha item type Public note
    Dewey Decimal Classification     General Miguel Henríquez Emiliani Miguel Henríquez Emiliani General 03/31/2025 015792   618.92 C824fu 015792 03/31/2025 v.1 ej.1 03/31/2025 Libros 610-CIENME
    Dewey Decimal Classification     General Miguel Henríquez Emiliani Miguel Henríquez Emiliani General 03/31/2025 016214   618.92 C824fu 016214 03/31/2025 v.1 ej.2 03/31/2025 Libros 610-CIENME
    Dewey Decimal Classification     General Miguel Henríquez Emiliani Miguel Henríquez Emiliani General 03/31/2025 015793   618.92 C824fu 015793 03/31/2025 v.2 ej.1 03/31/2025 Libros 610-CIENME
    Dewey Decimal Classification     General Miguel Henríquez Emiliani Miguel Henríquez Emiliani General 03/31/2025 016212   618.92 C824fu 016212 03/31/2025 v.2 ej.2 03/31/2025 Libros 610-CIENME